000 00817nam a22002057a 4500
999 _c5831
_d5831
003 AR-CdUCM
008 190313b ||||| |||| 00| 0 spa d
040 _aMUNICIPALIDAD PROVINCIAL DEL CUSCO
_cBIBLIOTECA MUNICIPAL DEL CUSCO
082 _a191.6 /
_bF55
100 _aFitzgerald, Hiram E.
_917268
245 _aPsicología evolutiva /
260 _aBuenos Aires :
_bEl ateneo,
_c1975.
300 _a153 páginas ;
_c26 cm.
505 _aContenido: Psicología evolutiva -- Teoría evolucionista -- Teoría del desarrollo cognoscitivo -- Desarrollo prenatal y nacimiento -- Crecimiento y desarrollo -- Desarrollo dela percepción ...
650 _aPsicología genética
_917269
650 _aEnseñanza programada
_91894
650 _aRelaciones entre padres e hijos
_917270
942 _2ddc
_cLIBROS
945 _aachl